00477nam a2200157Ia 4500008004100000040001900041041001200060082001900072245009900091260003000190300001900220650002000239651001400259700002800273850001800301131103s9999 xx 000 0 und d aLoreto College aEnglish a922/THEbLCLIB aHow to love god as Saint Therese of the child Jesus loved himcTranslated by Eugene A. Maguire aLondonbBurns oatesc1936 a168p. c 22cm. aTherese, Saint  aBiography aMaguire, Eugene A; trl. aLCLIB/922/THE